[Event "3rd 4NCL Easter Congress"]
[Site "Mercure Daventry Court Hotel"]
[Date "2023.04.07"]
[Round "1"]
[Board "11"]
[White "Neatherway, A Philip"]
[Black "Gunarathne, Senith"]
[Result "0-1"]
[WhiteElo "1797"]
[BlackElo "1491"]
[PlyCount "94"]
[EventDate "2023.04.07"]
[EventRounds "7"]
[EventCountry "ENG"]

1. e4 c5 2. Nf3 d6 3. d4 cxd4 4. Nxd4 Nf6 5. Nc3 a6 6. Be3 e5 7. Nb3 Nc6 8. f3 Be7
9. Qd2 Be6 10. O-O-O Rc8 11. g4 Nb4 12. g5 Bxb3 13. cxb3 Nxa2+ 14. Kb1 Nxc3+ 15.
bxc3 Nd7 16. Kb2 Nc5 17. Bc4 Na4+ 18. bxa4 Rxc4 19. Qd5 Qc7 20. Rd3 Rxa4 21. Ra1
Rxa1 22. Kxa1 O-O 23. h4 Qc6 24. Qb3 b5 25. Rd5 Rc8 26. Bd2 Qc4 27. Qa3 Qc6 28. Qb3
Qb6 29. h5 Rc4 30. g6 h6 31. gxf7+ Kxf7 32. f4 Bf6 33. f5 Ke7 34. Rd3 Rxe4 35. Qe6+
Kf8 36. Rxd6 Qb8 37. Rxa6 Ra4+ 38. Rxa4 bxa4 39. Bxh6 Qd8 40. Bc1 Qe7 41. Qc8+ Qe8
42. Ba3+ Be7 43. Bxe7+ Kxe7 44. Qe6+ Kf8 45. Qd6+ Qe7 46. Qb8+ Kf7 47. Qb4 Qxb4  0-1

[Event "3rd 4NCL Easter Congress"]
[Site "Mercure Daventry Court Hotel"]
[Date "2023.04.07"]
[Round "1"]
[Board "12"]
[White "Karangad, Mohit Kamal"]
[Black "Morrish, John"]
[Result "1/2-1/2"]
[WhiteElo "1645"]
[BlackElo "1828"]
[PlyCount "80"]
[EventDate "2023.04.07"]
[EventRounds "7"]
[EventCountry "ENG"]

1. d4 d5 2. c4 e6 3. Nf3 c5 4. cxd5 exd5 5. g3 c4 6. Bg2 Nf6 7. Nc3 Be7 8. Ne5 Nc6
9. O-O O-O 10. Nxc6 bxc6 11. e4 dxe4 12. Nxe4 Nd5 13. Re1 Rb8 14. Qe2 Bb4 15. Bd2
Bxd2 16. Qxd2 Qb6 17. b3 cxb3 18. axb3 Bf5 19. Nc5 Rfe8 20. Qg5 Rxe1+ 21. Rxe1 Qb4
22. Rc1 Be6 23. Qe5 Re8 24. Bh3 Bd7 25. Qh5 Re1+ 26. Rxe1 Qxe1+ 27. Kg2 Nf6 28. Qh4
Bxh3+ 29. Qxh3 Qe8 30. Qf5 Nd5 31. Nd7 h6 32. Ne5 Nf6 33. Qc2 Qd8 34. Nxc6 Qd5+ 35.
f3 Kh8 36. Qc4 Qg5 37. f4 Qf5 38. Qe2 Qd5+ 39. Qf3 Ne4 40. Nb4 Qxd4  1/2-1/2

[Event "3rd 4NCL Easter Congress"]
[Site "Mercure Daventry Court Hotel"]
[Date "2023.04.07"]
[Round "1"]
[Board "13"]
[White "Pyun, Lindsay"]
[Black "Holyhead, James"]
[Result "1-0"]
[WhiteElo "1544"]
[BlackElo "1410"]
[PlyCount "85"]
[EventDate "2023.04.07"]
[EventRounds "7"]
[EventCountry "ENG"]

1. e4 c6 2. d4 d5 3. exd5 cxd5 4. Bd3 Nc6 5. c3 Qc7 6. Nf3 Bg4 7. Be3 e5 8. dxe5
Nxe5 9. Bb5+ Nc6 10. Qxd5 Nf6 11. Qe5+ Qxe5 12. Nxe5 O-O-O 13. Nxg4 Nxg4 14. Bxc6
Nxe3 15. Bxb7+ Kxb7 16. fxe3 Bc5 17. Nd2 Bxe3 18. O-O-O Rd7 19. Rhe1 Bg5 20. Kc2
Rhd8 21. Ne4 Rxd1 22. Rxd1 Rxd1 23. Kxd1 Be7 24. Kc2 Kc6 25. Kd3 a5 26. Kc4 f5 27.
Ng3 g6 28. Ne2 g5 29. Nd4+ Kb6 30. Nxf5 Bf6 31. b4 axb4 32. cxb4 h5 33. h3 Be5 34.
a4 h4 35. Ne3 Ka6 36. Nd5 Bd6 37. Nc3 Be7 38. Na2 Kb6 39. Nc1 Ka6 40. Nb3 Kb6 41.
a5+ Ka7 42. b5 Bd8 43. Kc5  1-0

[Event "3rd 4NCL Easter Congress"]
[Site "Mercure Daventry Court Hotel"]
[Date "2023.04.07"]
[Round "1"]
[Board "14"]
[White "Ganguly, Anshuman"]
[Black "Butterworth, Paul"]
[Result "1/2-1/2"]
[WhiteElo "1472"]
[BlackElo "1798"]
[PlyCount "77"]
[EventDate "2023.04.07"]
[EventRounds "7"]
[EventCountry "ENG"]

1. e4 c5 2. Nf3 e6 3. d4 cxd4 4. Nxd4 a6 5. Bd3 Bc5 6. Nb3 Be7 7. O-O Qc7 8. Qe2
d6 9. c4 Nf6 10. Nd4 O-O 11. b3 Nbd7 12. Bb2 b6 13. Nc3 Bb7 14. Kh1 Rfe8 15. f4 Rac8
16. g4 Nc5 17. Bc2 d5 18. cxd5 exd5 19. e5 Nfe4 20. b4 Nxc3 21. Bxc3 Ne4 22. Bd2
Qc4 23. Bxe4 dxe4 24. Qe3 Bxb4 25. Bxb4 Qxb4 26. Rab1 Qc4 27. Nf5 Qd3 28. Rfe1 Rc3
29. Rxb6 Bd5 30. Rd6 g6 31. Rxd5 Qxd5 32. Nh6+ Kg7 33. Qxc3 Kxh6 34. Qe3 Qxa2 35.
f5+ Kg7 36. f6+ Kh8 37. Qxe4 h6 38. h4 Qe6 39. Ra1  1/2-1/2

[Event "3rd 4NCL Easter Congress"]
[Site "Mercure Daventry Court Hotel"]
[Date "2023.04.07"]
[Round "1"]
[Board "15"]
[White "Anderson, Thomas R"]
[Black "Siu, Kam Wa"]
[Result "1/2-1/2"]
[WhiteElo "1865"]
[BlackElo "1642"]
[PlyCount "56"]
[EventDate "2023.04.07"]
[EventRounds "7"]
[EventCountry "ENG"]

1. d4 Nf6 2. c4 e5 3. dxe5 Ng4 4. Nf3 Bc5 5. e3 Nc6 6. Nc3 Ngxe5 7. Nxe5 Nxe5 8.
f4 Ng6 9. Bd3 d6 10. O-O O-O 11. Kh1 Re8 12. e4 c6 13. Qf3 Qh4 14. g3 Qh3 15. Bd2
f5 16. Rae1 Bd7 17. Qg2 fxe4 18. Nxe4 Bf5 19. Nxc5 dxc5 20. Bxf5 Qxf5 21. Bc3 Qd3
22. f5 Nf8 23. f6 gxf6 24. Bxf6 Rxe1 25. Rxe1 Re8 26. Rxe8 Qd1+ 27. Qg1 Qf3+ 28.
Qg2 Qd1+  1/2-1/2

[Event "3rd 4NCL Easter Congress"]
[Site "Mercure Daventry Court Hotel"]
[Date "2023.04.08"]
[Round "2"]
[Board "1"]
[White "Brocklehurst, Andrew"]
[Black "Pyun, Lindsay"]
[Result "1-0"]
[WhiteElo "1832"]
[BlackElo "1544"]
[PlyCount "85"]
[EventDate "2023.04.07"]
[EventRounds "7"]
[EventCountry "ENG"]

1. e4 e5 2. Nf3 Nc6 3. Bb5 Nf6 4. Bxc6 dxc6 5. d3 Bd6 6. h3 h6 7. Qe2 Be6 8. d4 Nd7
9. Nc3 exd4 10. Nxd4 Qf6 11. Be3 Nb6 12. Nxe6 Qxe6 13. Bxb6 axb6 14. O-O O-O 15.
a4 Rfe8 16. Qf3 Qe5 17. g3 Bc5 18. Kg2 Bd4 19. Rfe1 Ra5 20. Ne2 Bxb2 21. Ra2 Bd4
22. c3 Bc5 23. Nf4 Bd6 24. c4 Qd4 25. Rae2 Qxc4 26. Qg4 Bxf4 27. gxf4 Qe6 28. f5
Qf6 29. f4 g6 30. Kh1 Kh7 31. fxg6+ Qxg6 32. Qf3 Rg8 33. Kh2 Rxa4 34. f5 Qg5 35.
Rf1 Rd4 36. e5 Rd2 37. Ref2 Rxf2+ 38. Qxf2 Rd8 39. Kh1 Rd2 40. Qf3 Rg2 41. Qxg2 Qe7
42. Rg1 Qf8 43. f6  1-0

[Event "3rd 4NCL Easter Congress"]
[Site "Mercure Daventry Court Hotel"]
[Date "2023.04.08"]
[Round "2"]
[Board "2"]
[White "Raju, Sooraj Menothuparambil"]
[Black "Hall, James"]
[Result "1-0"]
[WhiteElo "1758"]
[BlackElo "1719"]
[PlyCount "101"]
[EventDate "2023.04.07"]
[EventRounds "7"]
[EventCountry "ENG"]

1. e4 e5 2. Nf3 Bc5 3. Nxe5 Nc6 4. Nxc6 dxc6 5. d3 Nf6 6. Be2 h5 7. h3 Qd4 8. Rf1
Be6 9. c3 Qd7 10. Nd2 Bb6 11. Nf3 c5 12. Bg5 c4 13. Bxf6 cxd3 14. Bxg7 dxe2 15. Qxe2
Rg8 16. Bf6 Qa4 17. Ng5 Bc4 18. Qxh5 Qc6 19. Qf3 Bxf1 20. Kxf1 Rxg5 21. Bxg5 Qb5+
22. Qe2 Qxg5 23. Rd1 Rd8 24. Rxd8+ Qxd8 25. g3 Qf6 26. Kg2 Qe6 27. b3 c6 28. h4 Qe5
29. Qf3 Kf8 30. h5 Bd8 31. c4 Kg7 32. Qe3 c5 33. Qd3 Bf6 34. Qd5 b6 35. Qxe5 Bxe5
36. f4 Bd6 37. e5 Bc7 38. g4 f6 39. exf6+ Kxf6 40. Kf3 Bd8 41. Ke4 Ke6 42. g5 a6
43. h6 Kf7 44. Kf5 b5 45. g6+ Kg8 46. Ke6 bxc4 47. h7+ Kg7 48. h8=Q+ Kxh8 49. Kf7
Bf6 50. Kxf6 cxb3 51. Kf7  1-0

[Event "3rd 4NCL Easter Congress"]
[Site "Mercure Daventry Court Hotel"]
[Date "2023.04.08"]
[Round "2"]
[Board "3"]
[White "Tart, Peter K"]
[Black "Lawrence, Spencer"]
[Result "1/2-1/2"]
[WhiteElo "1856"]
[BlackElo "1536"]
[PlyCount "50"]
[EventDate "2023.04.07"]
[EventRounds "7"]
[EventCountry "ENG"]

1. e4 c5 2. Nc3 Nc6 3. Bb5 Nd4 4. Bc4 e6 5. Nge2 a6 6. d3 b5 7. Bb3 g6 8. Nxd4 cxd4
9. Ne2 Bg7 10. O-O Ne7 11. f4 f5 12. Bd2 Bb7 13. Ng3 O-O 14. Bb4 Rf7 15. Bxe7 Qxe7
16. exf5 gxf5 17. Qh5 Kh8 18. Rae1 Raf8 19. Qe2 Rf6 20. Rf2 Rh6 21. Nf1 Bf6 22. a3
Bh4 23. Qe5+ Qg7 24. Qxg7+ Kxg7 25. g3 Bf6  1/2-1/2

[Event "3rd 4NCL Easter Congress"]
[Site "Mercure Daventry Court Hotel"]
[Date "2023.04.08"]
[Round "2"]
[Board "4"]
[White "Borissow, Magnus"]
[Black "Ganguly, Aryaman"]
[Result "1/2-1/2"]
[WhiteElo "1582"]
[BlackElo "1255"]
[PlyCount "42"]
[EventDate "2023.04.07"]
[EventRounds "7"]
[EventCountry "ENG"]

1. Nf3 Nf6 2. g3 e6 3. Bg2 d5 4. O-O b6 5. d4 Bb7 6. Ne5 Be7 7. c4 O-O 8. Nc3 c5
9. dxc5 bxc5 10. Qb3 Qb6 11. Bg5 h6 12. Bxf6 Bxf6 13. Nd3 dxc4 14. Qxb6 axb6 15.
Bxb7 Ra7 16. Nxc5 bxc5 17. Bf3 Nd7 18. Rfc1 Rb8 19. Nd1 Bxb2 20. Nxb2 Rxb2 21. Rxc4
Rbxa2  1/2-1/2

[Event "3rd 4NCL Easter Congress"]
[Site "Mercure Daventry Court Hotel"]
[Date "2023.04.08"]
[Round "2"]
[Board "5"]
[White "Gunarathne, Senith"]
[Black "Jackson, Gary C"]
[Result "0-1"]
[WhiteElo "1491"]
[BlackElo "1773"]
[PlyCount "142"]
[EventDate "2023.04.07"]
[EventRounds "7"]
[EventCountry "ENG"]

1. e4 c5 2. Nf3 d6 3. d4 cxd4 4. Nxd4 Nf6 5. Nc3 g6 6. Be3 Bg7 7. f3 Nc6 8. Qd2 O-O
9. Bc4 Bd7 10. O-O-O Rc8 11. Bb3 Ne5 12. Kb1 Nc4 13. Bxc4 Rxc4 14. g4 b5 15. h4 h5
16. Nd5 Nxd5 17. exd5 hxg4 18. h5 Bf5 19. Nxf5 gxf5 20. Bh6 Bxh6 21. Qxh6 Qd7 22.
fxg4 fxg4 23. Qg5+ Kh7 24. Rdf1 Qe8 25. h6 Rg8 26. Qh5 f6 27. Qf5+ Qg6 28. Qe6 Re4
29. Qd7 Re2 30. Rf5 g3 31. Rg1 g2 32. Qxb5 Rxc2 33. Qd3 Rf2 34. Qe4 Qxf5 35. Qxf5+
Rxf5 36. Kc2 Rxd5 37. b4 e5 38. b5 Rxb5 39. a4 Rd5 40. a5 Rxa5 41. Kb3 Rc5 42. Kb4
e4 43. Ka4 f5 44. Kb4 f4 45. Ka4 f3 46. Kb4 e3 47. Ka3 f2 48. Rb1 Kxh6 49. Ka2 e2
50. Ka1 Ra5+ 51. Kb2 Rb5+ 52. Kc1 Rxb1+ 53. Kc2 Rd1 54. Kc3 Rc8+ 55. Kb2 d5 56. Kb3
d4 57. Ka3 d3 58. Ka2 d2 59. Kb2 Rdc1 60. Ka3 a5 61. Kb3 Ra1 62. Kb2 g1=Q 63. Kb3
Ra8 64. Kc3 d1=Q 65. Kb2 a4 66. Kc3 a3 67. Kb4 a2 68. Kc3 Rc1+ 69. Kb4 a1=Q 70. Kb5
f1=Q 71. Kb4 e1=Q#  0-1

[Event "3rd 4NCL Easter Congress"]
[Site "Mercure Daventry Court Hotel"]
[Date "2023.04.08"]
[Round "2"]
[Board "6"]
[White "Johnson, Richard J"]
[Black "Jenkins, Theo"]
[Result "1-0"]
[WhiteElo "1874"]
[BlackElo "1479"]
[PlyCount "100"]
[EventDate "2023.04.07"]
[EventRounds "7"]
[EventCountry "ENG"]

1. e4 c6 2. d4 d5 3. e5 c5 4. c3 e6 5. Nf3 Nc6 6. a3 cxd4 7. cxd4 Nge7 8. Nc3 Nf5
9. b4 a6 10. Bb2 Be7 11. Rc1 O-O 12. Bd3 f6 13. Bxf5 exf5 14. O-O Re8 15. Re1 Be6
16. Rc2 fxe5 17. Nxe5 Nxe5 18. Rxe5 Bd6 19. Re1 Qh4 20. g3 Qh6 21. Qf3 f4 22. Rce2
fxg3 23. fxg3 Rad8 24. Bc1 Qg6 25. Qg2 Bb8 26. Nxd5 Bxd5 27. Qxd5+ Rxd5 28. Rxe8+
Kf7 29. R1e7+ Kf6 30. Re6+ Kf7 31. Rxg6 Kxe8 32. Rxg7 Rxd4 33. Rg8+ Kf7 34. Rxb8
Rd1+ 35. Kg2 Rxc1 36. Rxb7+ Kg8 37. Rb6 a5 38. bxa5 Rc5 39. a6 Ra5 40. Kf3 Rxa3+
41. Ke4 Kf7 42. Kd5 Ke7 43. Rb7+ Kf6 44. a7 h5 45. Kc6 h4 46. gxh4 Ke6 47. Kc7 Rc3+
48. Kb8 Rf3 49. a8=Q Rf8+ 50. Ka7 Kd5  1-0

[Event "3rd 4NCL Easter Congress"]
[Site "Mercure Daventry Court Hotel"]
[Date "2023.04.08"]
[Round "2"]
[Board "7"]
[White "Stephenson, David W"]
[Black "Chan, Michelle Ngo Yu"]
[Result "1-0"]
[WhiteElo "1799"]
[BlackElo "1586"]
[PlyCount "81"]
[EventDate "2023.04.07"]
[EventRounds "7"]
[EventCountry "ENG"]

1. d4 d5 2. Nf3 Nf6 3. Bf4 e6 4. e3 Bd6 5. Nbd2 Bxf4 6. exf4 c5 7. c3 cxd4 8. Nxd4
O-O 9. Bd3 Nc6 10. Nxc6 bxc6 11. Nf3 Qc7 12. g3 Rb8 13. Qe2 c5 14. Rb1 c4 15. Bc2
Qa5 16. a3 Ne4 17. O-O Nc5 18. Ne5 Bd7 19. Qh5 g6 20. Qe2 f6 21. Nxd7 Nxd7 22. Qxe6+
Rf7 23. Rfd1 Nb6 24. Re1 Rd8 25. Rbd1 Qb5 26. Rb1 Kg7 27. h4 Nd7 28. Qd6 Qc5 29.
Qe6 Nf8 30. Qg4 h5 31. Qf3 f5 32. Re5 Nh7 33. Rbe1 Nf6 34. Re6 Ne4 35. Bxe4 dxe4
36. Qe2 Rfd7 37. Re5 Qc6 38. Qe3 Qb7 39. Qc5 Qxb2 40. Re7+ Kg8 41. Rxd7  1-0

[Event "3rd 4NCL Easter Congress"]
[Site "Mercure Daventry Court Hotel"]
[Date "2023.04.08"]
[Round "2"]
[Board "8"]
[White "Siu, Kam Wa"]
[Black "Royle, Alex"]
[Result "0-1"]
[WhiteElo "1642"]
[BlackElo "1573"]
[PlyCount "46"]
[EventDate "2023.04.07"]
[EventRounds "7"]
[EventCountry "ENG"]

1. e4 e5 2. Nf3 Nc6 3. d4 exd4 4. Bc4 Nf6 5. O-O Nxe4 6. Re1 d5 7. Bxd5 Qxd5 8. Nc3
Qa5 9. Nxd4 Nxd4 10. Qxd4 f5 11. Bg5 Kf7 12. Nxe4 fxe4 13. Bd2 Qc5 14. Qxe4 Bd6 15.
Re3 Bd7 16. Rf3+ Kg8 17. Re1 Rf8 18. Bb4 Qc6 19. Bxd6 Rxf3 20. Qh4 Rf6 21. Be5 Re6
22. Qg5 Rg6 23. Qd8+ Kf7  0-1

[Event "3rd 4NCL Easter Congress"]
[Site "Mercure Daventry Court Hotel"]
[Date "2023.04.08"]
[Round "2"]
[Board "9"]
[White "Morrish, John"]
[Black "Pitts, Daniel"]
[Result "0-1"]
[WhiteElo "1828"]
[BlackElo "1496"]
[PlyCount "46"]
[EventDate "2023.04.07"]
[EventRounds "7"]
[EventCountry "ENG"]

1. e4 e6 2. b3 d5 3. Bb2 Nf6 4. Nf3 Nxe4 5. Nc3 Nxc3 6. Bxc3 Bd7 7. Ne5 c5 8. Qg4
Nc6 9. Nxd7 Qxd7 10. Bb5 a6 11. Bxc6 bxc6 12. Be5 f6 13. Bg3 e5 14. Qe2 Bd6 15. f3
O-O 16. O-O Qb7 17. c3 Qb5 18. c4 Qb4 19. d3 a5 20. f4 Qc3 21. Rac1 Qd4+ 22. Bf2
Qxf4 23. Bxc5 Bxc5+  0-1

[Event "3rd 4NCL Easter Congress"]
[Site "Mercure Daventry Court Hotel"]
[Date "2023.04.08"]
[Round "2"]
[Board "11"]
[White "Butterworth, Paul"]
[Black "Karangad, Mohit Kamal"]
[Result "0-1"]
[WhiteElo "1798"]
[BlackElo "1645"]
[PlyCount "50"]
[EventDate "2023.04.07"]
[EventRounds "7"]
[EventCountry "ENG"]

1. c4 Nf6 2. Nf3 g6 3. d4 Bg7 4. Nc3 O-O 5. e4 d6 6. Be2 e5 7. O-O Bg4 8. Be3 Bxf3
9. Bxf3 exd4 10. Bxd4 Nc6 11. Be3 Re8 12. Re1 Nd7 13. Qd2 Bxc3 14. Qxc3 Qf6 15. Qd2
Nc5 16. Bxc5 dxc5 17. Qd5 Re5 18. Qd7 Nd4 19. Qxc7 Nxf3+ 20. gxf3 Rg5+ 21. Kf1 Qxf3
22. Qe7 Rg2 23. Qh4 Rg4 24. Qe7 Qg2+ 25. Ke2 Rxe4+  0-1

[Event "3rd 4NCL Easter Congress"]
[Site "Mercure Daventry Court Hotel"]
[Date "2023.04.08"]
[Round "2"]
[Board "12"]
[White "Willow, Hambel M"]
[Black "Ganguly, Anshuman"]
[Result "0-1"]
[WhiteElo "1625"]
[BlackElo "1472"]
[PlyCount "78"]
[EventDate "2023.04.07"]
[EventRounds "7"]
[EventCountry "ENG"]

1. d4 Nf6 2. c4 c5 3. d5 b5 4. cxb5 a6 5. Nc3 g6 6. e4 d6 7. h3 Bg7 8. Nf3 O-O 9.
bxa6 Qa5 10. Bd2 Bxa6 11. Be2 Bxe2 12. Qxe2 Qa6 13. Qxa6 Rxa6 14. O-O Nbd7 15. Rfe1
Rb8 16. Rab1 Ne8 17. a3 Nc7 18. Bg5 Kf8 19. Bf4 Nb5 20. a4 Nxc3 21. bxc3 Rxb1 22.
Rxb1 Rxa4 23. Rb3 Rxe4 24. Ra3 f6 25. Be3 Nb6 26. Nd2 Ra4 27. Rxa4 Nxa4 28. c4 Nb2
29. Kf1 f5 30. Ke2 h6 31. g3 Kf7 32. f3 Bc3 33. Nb1 Bb4 34. Bxh6 Nxc4 35. g4 fxg4
36. fxg4 Nb6 37. h4 Nxd5 38. h5 gxh5 39. gxh5 Nf6  0-1

[Event "3rd 4NCL Easter Congress"]
[Site "Mercure Daventry Court Hotel"]
[Date "2023.04.08"]
[Round "2"]
[Board "13"]
[White "Obi, Okwose Marc"]
[Black "Acharya, Kandara"]
[Result "1-0"]
[WhiteElo "1772"]
[BlackElo "1558"]
[PlyCount "79"]
[EventDate "2023.04.07"]
[EventRounds "7"]
[EventCountry "ENG"]

1. e4 c5 2. c4 Nc6 3. Nc3 g6 4. g3 Bg7 5. Bg2 Nf6 6. Nge2 O-O 7. O-O d6 8. h3 Bd7
9. d3 Rb8 10. f4 a6 11. a4 b6 12. Be3 Qc7 13. Rc1 e6 14. b3 Ne8 15. d4 Nb4 16. Qd2
f5 17. Rfd1 Rd8 18. e5 dxe5 19. dxe5 Qb8 20. a5 Nc7 21. axb6 Qxb6 22. Qd6 Bc6 23.
Qxc5 Qxc5 24. Bxc5 Rxd1+ 25. Rxd1 Rb8 26. Bxb4 Bxg2 27. Bd6 Bxh3 28. Bxc7 Rxb3 29.
Rd8+ Kf7 30. Rd7+ Kg8 31. c5 Ra3 32. c6 Ra1+ 33. Kh2 Bg4 34. Kg2 Bxe2 35. Nxe2 Ra2
36. Bd6 Rxe2+ 37. Kf3 Rc2 38. c7 Rc3+ 39. Kg2 Rc2+ 40. Kh3  1-0

[Event "3rd 4NCL Easter Congress"]
[Site "Mercure Daventry Court Hotel"]
[Date "2023.04.08"]
[Round "2"]
[Board "14"]
[White "Wheeler, Tim"]
[Black "Bryant, Richard BE"]
[Result "1-0"]
[WhiteElo "1597"]
[BlackElo "1850"]
[PlyCount "65"]
[EventDate "2023.04.07"]
[EventRounds "7"]
[EventCountry "ENG"]

1. e4 e6 2. d4 d5 3. Nd2 Nf6 4. e5 Nfd7 5. Bd3 c5 6. c3 Nc6 7. Ngf3 c4 8. Bc2 b5
9. Nf1 Be7 10. Ng3 g6 11. Bh6 b4 12. h4 Qa5 13. Qd2 bxc3 14. bxc3 Rb8 15. O-O Rb2
16. Ng5 Bxg5 17. Bxg5 Rxa2 18. Rxa2 Qxa2 19. Bh6 Rg8 20. Ne2 Ne7 21. g4 a5 22. Nf4
Nb6 23. Rb1 Na4 24. Kh2 Qa3 25. Ne2 Bd7 26. Rb8+ Nc8 27. Bg5 Nab6 28. Qf4 f5 29.
exf6 Kf7 30. Qc7 Qa2 31. Rxb6 Nxb6 32. Qxb6 Qa3 33. Qc7  1-0

[Event "3rd 4NCL Easter Congress"]
[Site "Mercure Daventry Court Hotel"]
[Date "2023.04.08"]
[Round "2"]
[Board "15"]
[White "Vaidyanathan, Adithya"]
[Black "Baxter, Martin"]
[Result "1-0"]
[WhiteElo "1387"]
[BlackElo "1766"]
[PlyCount "43"]
[EventDate "2023.04.07"]
[EventRounds "7"]
[EventCountry "ENG"]

1. Nf3 Nf6 2. d4 g6 3. c4 Bg7 4. Nc3 d5 5. cxd5 Nxd5 6. e4 Nxc3 7. bxc3 c5 8. Be3
Nc6 9. Bb5 cxd4 10. Bxc6+ bxc6 11. cxd4 c5 12. O-O O-O 13. Qd2 Bb7 14. Rac1 cxd4
15. Bxd4 Bxe4 16. Bxg7 Kxg7 17. Qb2+ f6 18. Nd4 Bd5 19. Rfd1 Qd6 20. Nb5 Qd8 21.
Nc7 Rb8 22. Qe2  1-0

[Event "3rd 4NCL Easter Congress"]
[Site "Mercure Daventry Court Hotel"]
[Date "2023.04.08"]
[Round "2"]
[Board "16"]
[White "Han, Qixiang"]
[Black "Anderson, Thomas R"]
[Result "1/2-1/2"]
[WhiteElo "1365"]
[BlackElo "1865"]
[PlyCount "72"]
[EventDate "2023.04.07"]
[EventRounds "7"]
[EventCountry "ENG"]

1. b3 e5 2. Bb2 d6 3. c4 f5 4. e3 Nf6 5. d4 e4 6. Nc3 Be7 7. Nh3 O-O 8. Be2 c6 9.
d5 Na6 10. a3 Nc7 11. Nf4 g5 12. Nh5 Nxh5 13. Bxh5 Bf6 14. Rb1 a5 15. g4 Na6 16.
gxf5 Nc5 17. Be2 Bxf5 18. b4 axb4 19. axb4 Nd3+ 20. Bxd3 exd3 21. Rg1 d2+ 22. Kxd2
Bxb1 23. Qxb1 Qe7 24. f4 Rae8 25. Qd3 h6 26. h4 Qh7 27. hxg5 hxg5 28. Qxh7+ Kxh7
29. fxg5 Be5 30. Rg2 Kg6 31. Kd3 cxd5 32. Nxd5 Bxb2 33. Rxb2 Kxg5 34. Rg2+ Kh6 35.
Rh2+ Kg7 36. Rg2+ Kh6  1/2-1/2

[Event "3rd 4NCL Easter Congress"]
[Site "Mercure Daventry Court Hotel"]
[Date "2023.04.08"]
[Round "2"]
[Board "17"]
[White "Dos Santos Silva, Bruno Alexandre"]
[Black "Neatherway, A Philip"]
[Result "1/2-1/2"]
[WhiteElo "1631"]
[BlackElo "1797"]
[PlyCount "96"]
[EventDate "2023.04.07"]
[EventRounds "7"]
[EventCountry "ENG"]

1. d4 Nf6 2. Bg5 Ne4 3. Bf4 c5 4. f3 Nf6 5. d5 d6 6. Nc3 g6 7. Qd2 Bg7 8. e4 a6 9.
h4 h5 10. e5 dxe5 11. Bxe5 Nbd7 12. Bf4 Nb6 13. O-O-O O-O 14. Nh3 Bxh3 15. Rxh3 Nc8
16. Bh6 Nd6 17. Bxg7 Kxg7 18. Be2 Rh8 19. g4 Qd7 20. Qf4 Rad8 21. Rh2 b5 22. Qe5
Kg8 23. g5 Nfe8 24. Ne4 Nxe4 25. fxe4 Qd6 26. Qxd6 exd6 27. Rf2 Kg7 28. Rdf1 Rf8
29. a4 Rb8 30. axb5 axb5 31. Kd2 b4 32. Ra1 Rb7 33. Ra6 f6 34. Bf1 fxg5 35. Rxf8
Kxf8 36. hxg5 Rf7 37. Bb5 Nc7 38. Rb6 Nxb5 39. Rxb5 Rf2+ 40. Kd3 Rg2 41. Rb6 Ke7
42. e5 dxe5 43. Rxg6 Rg4 44. Re6+ Kd7 45. Rxe5 Kd6 46. Rf5 h4 47. g6 Rxg6 48. Rh5
Rg4  1/2-1/2

[Event "3rd 4NCL Easter Congress"]
[Site "Mercure Daventry Court Hotel"]
[Date "2023.04.08"]
[Round "2"]
[Board "18"]
[White "Holyhead, James"]
[Black "Nilsson, Adam"]
[Result "1/2-1/2"]
[WhiteElo "1410"]
[BlackElo "1618"]
[PlyCount "65"]
[EventDate "2023.04.07"]
[EventRounds "7"]
[EventCountry "ENG"]

1. d4 e6 2. Nf3 Nf6 3. g3 c5 4. Bg2 cxd4 5. O-O Bc5 6. Nxd4 Bxd4 7. Qxd4 d5 8. c4
Nc6 9. Qd1 O-O 10. cxd5 exd5 11. Bf4 Bf5 12. Na3 Qb6 13. b3 Qc5 14. Qc1 Qxc1 15.
Raxc1 Rfe8 16. Rfe1 a6 17. Rc5 Rad8 18. Bg5 Rd6 19. Bxf6 Rxf6 20. Bxd5 Be4 21. Bxe4
Rxe4 22. Rd1 Rfe6 23. e3 h6 24. Rd2 R6e5 25. Rxe5 Rxe5 26. Nc2 Re8 27. Kg2 Rd8 28.
Nd4 Kf8 29. Kf3 Nxd4+ 30. Rxd4 Rb8 31. Ke4 Ke7 32. Kd5 Rc8 33. Rc4  1/2-1/2

[Event "3rd 4NCL Easter Congress"]
[Site "Mercure Daventry Court Hotel"]
[Date "2023.04.08"]
[Round "3"]
[Board "1"]
[White "Raju, Sooraj Menothuparambil"]
[Black "Brocklehurst, Andrew"]
[Result "1-0"]
[WhiteElo "1758"]
[BlackElo "1832"]
[PlyCount "65"]
[EventDate "2023.04.07"]
[EventRounds "7"]
[EventCountry "ENG"]

1. e4 c5 2. Nc3 Nc6 3. g3 d6 4. Bg2 g6 5. f4 Bg7 6. Nf3 Bg4 7. h3 Bxf3 8. Qxf3 Nd4
9. Qd1 e6 10. Ne2 Ne7 11. c3 Nxe2 12. Qxe2 O-O 13. O-O Rb8 14. d3 b5 15. Be3 a5 16.
d4 c4 17. a4 d5 18. e5 Qd7 19. Qc2 b4 20. g4 bxc3 21. bxc3 Rb3 22. Bc1 f6 23. exf6
Bxf6 24. Ba3 Re8 25. g5 Bg7 26. Bxe7 Qxe7 27. h4 Qa7 28. Kh1 Qb6 29. Ra2 Qd6 30.
h5 gxh5 31. f5 exf5 32. Qxf5 Rxc3 33. Qf7+  1-0

[Event "3rd 4NCL Easter Congress"]
[Site "Mercure Daventry Court Hotel"]
[Date "2023.04.08"]
[Round "3"]
[Board "2"]
[White "Royle, Alex"]
[Black "Tart, Peter K"]
[Result "1-0"]
[WhiteElo "1573"]
[BlackElo "1856"]
[PlyCount "33"]
[EventDate "2023.04.07"]
[EventRounds "7"]
[EventCountry "ENG"]

1. e4 e5 2. Nf3 Nf6 3. Nxe5 Nxe4 4. Qe2 Qe7 5. Qxe4 d6 6. d4 dxe5 7. dxe5 Nc6 8.
Bb5 Bd7 9. Nc3 O-O-O 10. Bf4 g5 11. Bg3 Bg7 12. O-O-O Nxe5 13. Bxd7+ Rxd7 14. Rxd7
Qxd7 15. Bxe5 Re8 16. Rd1 Rxe5 17. Qxh7  1-0

[Event "3rd 4NCL Easter Congress"]
[Site "Mercure Daventry Court Hotel"]
[Date "2023.04.08"]
[Round "3"]
[Board "3"]
[White "Jackson, Gary C"]
[Black "Webster, Vivien"]
[Result "1-0"]
[WhiteElo "1773"]
[BlackElo "1591"]
[PlyCount "69"]
[EventDate "2023.04.07"]
[EventRounds "7"]
[EventCountry "ENG"]

1. e4 e5 2. Nf3 d6 3. h3 Be7 4. Bc4 Nf6 5. d3 O-O 6. O-O c6 7. Bb3 Nbd7 8. c3 d5
9. exd5 cxd5 10. Re1 Bd6 11. Bg5 Qc7 12. Ba4 a6 13. Nbd2 b5 14. Bb3 Bb7 15. Nf1 Rfe8
16. Nh4 d4 17. Rc1 dxc3 18. Rxc3 Qb6 19. Be3 Qd8 20. Rc1 Nd5 21. Nf5 Nxe3 22. N1xe3
Bf8 23. Qg4 Qf6 24. Rc7 Bc8 25. Bd5 Rb8 26. Be4 Nc5 27. Nd5 Qe6 28. Rxc5 g6 29. Rc2
Kh8 30. Nde3 h5 31. Qg5 gxf5 32. Qxh5+ Qh6 33. Qxh6+ Bxh6 34. Nxf5 Bxf5 35. Bxf5
 1-0

[Event "3rd 4NCL Easter Congress"]
[Site "Mercure Daventry Court Hotel"]
[Date "2023.04.08"]
[Round "3"]
[Board "4"]
[White "Lawrence, Spencer"]
[Black "Ward, Andy"]
[Result "1/2-1/2"]
[WhiteElo "1536"]
[BlackElo "1838"]
[PlyCount "43"]
[EventDate "2023.04.07"]
[EventRounds "7"]
[EventCountry "ENG"]

1. d4 e6 2. Nf3 f5 3. g3 Nf6 4. Bg2 Be7 5. O-O O-O 6. c4 d6 7. b3 Ne4 8. Bb2 b6 9.
Nbd2 Bb7 10. Ne1 d5 11. Nd3 Nxd2 12. Qxd2 Bf6 13. Rac1 Na6 14. Nf4 Bg5 15. e3 Qd7
16. cxd5 exd5 17. Nd3 Bf6 18. Rc2 Rfc8 19. Rfc1 c5 20. dxc5 Bxb2 21. Rxb2 Nxc5 22.
Nxc5  1/2-1/2